WKF Approved Karate Kata - Statistics

General Stats
  • This quiz has been taken 37 times
  • The average score is 23 of 102
Answer Stats
Answer % Correct
Heian Godan
73%
Heian Sandan
73%
Heian Shodan
73%
Bassai
69%
Heian Nidan
69%
Heian Yondan
69%
Kanku Dai
69%
Anan
65%
Bassai Sho
65%
Kanku Sho
65%
Tekki Shodan
65%
Unsu
65%
Enpi
62%
Jion
62%
Jitte
62%
Tekki Nidan
62%
Tekki Sandan
62%
Bassai Dai
58%
Gankaku
58%
Gojushiho
54%
Anan Dai
50%
Gojushiho Sho
50%
Jiin
50%
Pinan Godan
46%
Pinan Nidan
46%
Pinan Sandan
46%
Pinan Shodan
46%
Pinan Yondan
46%
Gojushiho Dai
42%
Sochin
42%
Wankan
38%
Hangetsu
35%
Papuren
31%
Meikyo
27%
Sanchin
27%
Seipai
27%
Chinte
23%
Kururunfa
23%
Nipaipo
23%
Saifa
23%
Suparinpei
23%
Chinto
19%
Ohan
19%
Ohan Dai
19%
Chatanyara Kusanku
15%
Seienchin
15%
Chibana No Kusanku
12%
Niseishi
12%
Paiku
12%
Rohai
12%
Sanseiru
12%
Tomari Bassai
12%
Kusanku
8%
Kyan No Chinto
8%
Matsukaze
8%
Naihanchi
8%
Sansai
8%
Sanseru
8%
Shisochin
8%
Unshu
8%
Ananko
4%
Aoyagi
4%
Gekisai 1
4%
Gekisai 2
4%
Heiku
4%
Matsumura Bassai
4%
Pachu
4%
Seisan
4%
Seishan
4%
Tensho
4%
Wanshu
4%
Fukyuugata Ichi
0%
Fukyuugata Ni
0%
Garyu
0%
Hakusho
0%
Haufa
0%
Ishimine Bassai
0%
Itosu Rohai Nidan
0%
Itosu Rohai Sandan
0%
Itosu Rohai Shodan
0%
Juroku
0%
Kanchin
0%
Kanshu
0%
Kishimono No Kushanku
0%
Kousoukun
0%
Kousoukun Dai
0%
Kousoukun Sho
0%
Kyan No Wanshu
0%
Matsumura Rohai
0%
Myojo
0%
Naifanchin Nidan
0%
Naifanchin Sandan
0%
Naifanchin Shodan
0%
Nijushioho
0%
Oyadomari No Passai
0%
Passai
0%
Seichin
0%
Seiryu
0%
Shiho Kousoukun
0%
Shinpa
0%
Shinsei
0%
Useishi
0%
No matching quizzes found
Score Distribution
Percent of People with Each Score
Percentile by Number Answered
Your Score History
You have not taken this quiz